[Event "World Blitz Women 2017"]
[Site "Riyadh KSA"]
[Date "2017.12.29"]
[Round "2.42"]
[White "Enkhtuul, Altan-Ulzii"]
[Black "Cramling, Pia"]
[Result "0-1"]
[WhiteTitle "WGM"]
[BlackTitle "GM"]
[WhiteElo "2344"]
[BlackElo "2450"]
[WhiteFideId "4901444"]
[BlackFideId "1700030"]
[EventDate "2017.12.29"]

1. d4 Nf6 2. Nf3 d5 3. g3 Bf5 4. Bg2 e6 5. O-O Nbd7 6. c3 c6 7. Nbd2 h6 8. Re1
Be7 9. a4 a5 10. Nf1 O-O 11. h3 Bd6 12. Bf4 Qc7 13. Bxd6 Qxd6 14. Ne3 Bh7 15. c4
Rfe8 16. Qb3 Rab8 17. Qc3 Qc7 18. b4 Ne4 19. Qb2 axb4 20. Qxb4 Qb6 21. Qa3 dxc4
22. Nxc4 Qa6 23. Nfe5 Nxe5 24. Nxe5 Rbd8 25. e3 Nd6 26. Rec1 Be4 27. Bf1 Qa7 28.
Kh2 Bh7 29. Bd3 Bxd3 30. Nxd3 Ne4 31. Kg2 Rd5 32. f3 Nf6 33. Nc5 e5 34. Rab1 b6
35. Ne4 exd4 36. Nxf6+ gxf6 37. e4 Rc5 38. Rxc5 bxc5 39. Rc1 Rd8 40. Qd3 Qxa4
41. Rxc5 Rb8 42. Rc2 Rb3 43. Qd2 Re3 44. Ra2 Qc4 45. Rc2 Qa4 46. Ra2 Qc4 47. Rc2
Qa4 48. Ra2 Qb3 49. Rb2 Qc3 50. Qxc3 Rxc3 51. Kf2 c5 52. Rd2 Kf8 53. f4 h5 54.
h4 Ke7 55. Ra2 c4 56. Rd2 d3 57. Ke3 Kd6 58. Rd1 Kc5 59. Ra1 Rc2 60. Ra5+ Kb4
61. Rd5 Re2+ 62. Kf3 Ra2 63. e5 fxe5 64. fxe5 d2 65. Ke2 c3 66. Rd7 Ra1 67. Rb7+
Kc4 68. Rc7+ Kd4 69. Rd7+ Kxe5 70. Rd3 Re1+ 71. Kf2 d1=Q 0-1

[Event "World Blitz Women 2017"]
[Site "Riyadh KSA"]
[Date "2017.12.29"]
[Round "2.43"]
[White "Ordaz Valdes, Lisandra Teresa"]
[Black "Badelka, Olga"]
[Result "1-0"]
[WhiteTitle "WGM"]
[BlackTitle "WIM"]
[WhiteElo "2414"]
[BlackElo "2388"]
[WhiteFideId "3506940"]
[BlackFideId "13509926"]
[EventDate "2017.12.29"]

1. d4 d5 2. c4 dxc4 3. e3 Nf6 4. Bxc4 e6 5. Nf3 a6 6. b3 b5 7. Be2 Bb7 8. O-O
Be7 9. Bb2 Nbd7 10. Nbd2 c5 11. a4 b4 12. Nc4 O-O 13. Nfe5 Nxe5 14. dxe5 Nd5 15.
Qc2 Qc7 16. Rad1 Rfd8 17. Bd3 g6 18. Be4 a5 19. Ba1 Ba6 20. Bf3 Rac8 21. Rfe1
Nb6 22. Nd6 Rb8 23. Rc1 Nd5 24. Red1 Nc3 25. Bxc3 bxc3 26. Qxc3 Bxd6 27. exd6
Rxd6 28. Rxd6 Qxd6 29. Qxc5 Qxc5 30. Rxc5 Rxb3 31. h4 Rb1+ 32. Kh2 Rb2 33. Rxa5
Be2 34. Kg3 Bxf3 35. Kxf3 h5 36. Ra7 Kg7 37. Kg3 Kg8 38. f3 Kg7 39. e4 Kg8 40.
a5 Kg7 41. a6 Ra2 42. Ra8 Kh7 43. e5 Kg7 44. a7 Kh7 45. Kf4 Kg7 46. Ke4 Kh7 47.
g4 Kg7 48. gxh5 gxh5 49. Kf4 Kh7 50. Kg5 Kg7 51. Kxh5 Kh7 52. Kg5 Rg2+ 53. Kf4
Ra2 54. h5 Ra4+ 55. Kg5 Kg7 56. h6+ Kh7 57. Kf6 Rf4+ 58. Ke7 Ra4 1-0

[Event "World Blitz Women 2017"]
[Site "Riyadh KSA"]
[Date "2017.12.29"]
[Round "2.44"]
[White "Girya, Olga"]
[Black "Tokhirjonova, Gulrukhbegim"]
[Result "1-0"]
[WhiteTitle "WGM"]
[BlackTitle "WGM"]
[WhiteElo "2484"]
[BlackElo "2329"]
[WhiteFideId "4195752"]
[BlackFideId "14203626"]
[EventDate "2017.12.29"]

1. d4 d5 2. c4 c6 3. Nf3 Nf6 4. Nc3 dxc4 5. a4 Bf5 6. e3 e6 7. Bxc4 Bb4 8. O-O
Nbd7 9. Qe2 Bg6 10. e4 Bxc3 11. bxc3 Nxe4 12. Ba3 Qc7 13. Rac1 a6 14. Rfe1 c5
15. d5 e5 16. Bd3 Ndf6 17. Nh4 Bh5 18. f3 Nd6 19. Qxe5+ Kf8 20. Nf5 Rd8 21. Nxd6
Rxd6 22. Kh1 g6 23. g4 Kg7 24. gxh5 Re8 25. h6+ Kxh6 26. Qf4+ g5 27. Qf5 Rxe1+
28. Rxe1 Qd8 29. c4 b6 30. Bc1 Qg8 31. Rg1 Qg6 32. Bxg5+ Kh5 33. Qh3# 1-0

[Event "World Blitz Women 2017"]
[Site "Riyadh KSA"]
[Date "2017.12.29"]
[Round "2.45"]
[White "Sedina, Elena"]
[Black "Albzoor, Anwar"]
[Result "1-0"]
[WhiteTitle "IM"]
[BlackTitle "WFM"]
[WhiteElo "2312"]
[BlackElo "1595"]
[WhiteFideId "812153"]
[BlackFideId "11500522"]
[EventDate "2017.12.29"]

1. e4 e6 2. d4 d5 3. e5 c5 4. c3 Qb6 5. Nf3 Nc6 6. a3 Nge7 7. b4 cxd4 8. cxd4
Nf5 9. Bb2 Be7 10. Bd3 Bd7 11. Bxf5 exf5 12. Nc3 a5 13. Nxd5 Qd8 14. Nxe7 Qxe7
15. b5 Na7 16. a4 O-O 17. Ba3 Qd8 18. Bxf8 Qxf8 19. O-O Rc8 20. d5 Rc5 21. Rc1
Qc8 22. d6 Be6 23. Rxc5 Qxc5 24. d7 Bxd7 25. Qxd7 Qb6 26. Qe8# 1-0

[Event "World Blitz Women 2017"]
[Site "Riyadh KSA"]
[Date "2017.12.29"]
[Round "3.1"]
[White "Javakhishvili, Lela"]
[Black "Gunina, Valentina"]
[Result "1-0"]
[WhiteTitle "IM"]
[BlackTitle "GM"]
[WhiteElo "2449"]
[BlackElo "2510"]
[WhiteFideId "13601458"]
[BlackFideId "4167570"]
[EventDate "2017.12.29"]

1. d4 Nf6 2. c4 e6 3. Nf3 b6 4. g3 Bb7 5. Bg2 Be7 6. O-O O-O 7. Nc3 Ne4 8. Bd2
f5 9. Rc1 d6 10. d5 Nxd2 11. Nxd2 e5 12. b4 Nd7 13. Nb3 a5 14. bxa5 bxa5 15. Na4
Nf6 16. c5 dxc5 17. d6 Bxg2 18. dxe7 Qxe7 19. Kxg2 f4 20. Naxc5 Rad8 21. Qc2 e4
22. Qc4+ Rf7 23. Ne6 f3+ 24. exf3 exf3+ 25. Kg1 Rd5 26. Nf4 Re5 27. Nd4 Nh5 28.
Nxh5 Rxh5 29. Nxf3 Qf6 30. Nh4 g5 31. Ng2 Qh6 32. h4 gxh4 33. Nxh4 Rg5 34. Rce1
Qf6 35. Re8+ Kg7 36. Re2 h5 37. Re3 Rg4 38. Qc3 Qxc3 39. Rxc3 Ra4 40. Rc2 Rd7
41. Rfc1 Kf6 42. Ng2 c5 43. Ne3 h4 44. gxh4 Rxh4 45. Rxc5 Ra4 46. R1c2 Rb7 47.
Kg2 Rg7+ 48. Kf3 Rb7 49. R5c4 Ra3 50. R4c3 Ra4 51. Rc4 Ra3 52. Ke2 Ke6 53. R4c3
Ra4 54. Nc4 Rb5 55. a3 Rc5 56. Kd3 Rd5+ 57. Ke3 Rc5 58. f4 Rh5 59. Kf3 Rc5 60.
Kg4 Kf6 61. Nd6 Rxc3 62. Rxc3 Rd4 63. Nb5 Rd1 64. Rc6+ Ke7 65. Ra6 Rd5 66. Rxa5
Kd7 67. a4 Kc6 68. Ra6+ Kc5 69. f5 Rd1 70. f6 1-0

[Event "World Blitz Women 2017"]
[Site "Riyadh KSA"]
[Date "2017.12.29"]
[Round "3.3"]
[White "Dzagnidze, Nana"]
[Black "Savina, Anastasia"]
[Result "1/2-1/2"]
[WhiteTitle "GM"]
[BlackTitle "IM"]
[WhiteElo "2522"]
[BlackElo "2350"]
[WhiteFideId "13601903"]
[BlackFideId "4196872"]
[EventDate "2017.12.29"]

1. d4 Nf6 2. c4 g6 3. Nf3 Bg7 4. g3 c5 5. Bg2 Qa5+ 6. Bd2 Qb6 7. dxc5 Qxc5 8.
Qc1 d5 9. O-O Qxc4 10. Qxc4 dxc4 11. Na3 Ne4 12. Nxc4 Nxd2 13. Nfxd2 Nc6 14.
Rac1 Bd7 15. Rfd1 Rc8 16. Nb3 b6 17. a3 Ne5 18. Nxe5 Rxc1 19. Nxc1 Bxe5 20. Nd3
Bd6 21. Rc1 O-O 22. Bd5 Rc8 23. Rxc8+ Bxc8 24. Kg2 e6 25. Bc4 Bb7+ 26. f3 Kf8
27. Kf2 Ke7 28. e4 a5 29. Ke3 Bc6 30. Ba2 f6 31. Bb3 Bb5 32. a4 Bc6 33. Nc1 Bc5+
34. Ke2 Bb7 35. Nd3 Ba6 36. Kd2 Bg1 37. h3 Bh2 38. g4 Bxd3 39. Kxd3 Be5 40. Kc4
Bxb2 41. Kb5 Bd4 42. Kc6 Bc5 43. Bc4 h5 44. Bb3 h4 45. Bc4 1/2-1/2

[Event "World Blitz Women 2017"]
[Site "Riyadh KSA"]
[Date "2017.12.29"]
[Round "3.4"]
[White "Zhukova, Natalia"]
[Black "Bodnaruk, Anastasia"]
[Result "0-1"]
[WhiteTitle "GM"]
[BlackTitle "IM"]
[WhiteElo "2444"]
[BlackElo "2428"]
[WhiteFideId "14101513"]
[BlackFideId "4181751"]
[EventDate "2017.12.29"]

1. c4 e5 2. Nc3 Nc6 3. Nf3 f5 4. g3 d6 5. d4 e4 6. d5 Ne5 7. Nd4 Nf6 8. Bh3 g6
9. O-O Bg7 10. f3 exf3 11. exf3 O-O 12. b3 Re8 13. Bb2 c5 14. dxc6 bxc6 15. Qd2
Bb7 16. Bg2 Qd7 17. Rad1 Rad8 18. h3 Kh8 19. f4 Nf7 20. Nf3 Re7 21. Ng5 Nxg5 22.
fxg5 Nh5 23. Ne2 Rxe2 24. Qxe2 Nxg3 25. Bxg7+ Qxg7 26. Qe3 Nxf1 27. Rxf1 a5 28.
Re1 Rf8 29. Qb6 f4 30. Bxc6 Bxc6 31. Qxc6 f3 32. Rf1 Qd4+ 0-1

[Event "World Blitz Women 2017"]
[Site "Riyadh KSA"]
[Date "2017.12.29"]
[Round "3.5"]
[White "Pham, Le Thao Nguyen"]
[Black "Hoang, Thanh Trang"]
[Result "1/2-1/2"]
[WhiteTitle "IM"]
[BlackTitle "GM"]
[WhiteElo "2354"]
[BlackElo "2439"]
[WhiteFideId "12401226"]
[BlackFideId "12400149"]
[EventDate "2017.12.29"]

1. d4 f5 2. Nf3 Nf6 3. g3 g6 4. Bg2 Bg7 5. O-O O-O 6. c4 d6 7. Nc3 Qe8 8. d5 a5
9. Nd4 Na6 10. b3 Nc5 11. Bb2 Bd7 12. Qc2 Rb8 13. Rad1 e5 14. dxe6 Nxe6 15. Nd5
Nxd5 16. Bxd5 Kh8 17. Nxe6 1/2-1/2

[Event "World Blitz Women 2017"]
[Site "Riyadh KSA"]
[Date "2017.12.29"]
[Round "3.6"]
[White "Gaponenko, Inna"]
[Black "Batchimeg, Tuvshintugs"]
[Result "1/2-1/2"]
[WhiteTitle "IM"]
[BlackTitle "IM"]
[WhiteElo "2435"]
[BlackElo "2398"]
[WhiteFideId "14101181"]
[BlackFideId "4900839"]
[EventDate "2017.12.29"]

1. e4 e5 2. Nf3 Nc6 3. Bb5 a6 4. Bxc6 dxc6 5. O-O f6 6. d4 Bg4 7. dxe5 Qxd1 8.
Rxd1 fxe5 9. Nbd2 O-O-O 10. Re1 Bd6 11. h3 Bh5 12. Nh4 Ne7 13. Ndf3 Rhf8 14. g4
Bf7 15. Bg5 Rde8 16. Bxe7 Bxe7 17. Nf5 g6 18. Nxe7+ Rxe7 19. Kg2 h6 20. Rad1 a5
21. b3 a4 22. Rd2 g5 23. Re3 axb3 24. axb3 Bg6 25. Ng1 Rf4 26. f3 Rf8 27. Ne2
Rd7 28. Rxd7 Kxd7 29. Ng3 Ke7 30. Nf5+ Bxf5 31. exf5 Kf6 32. Rd3 Ra8 33. Rd7 Ra2
34. Rxc7 Rxc2+ 35. Kg3 Rc3 36. Kf2 Rxb3 37. Rh7 c5 38. Rxh6+ Kf7 39. Re6 c4 40.
Rxe5 b5 41. Rc5 c3 42. Ke2 b4 43. Rc4 Rb2+ 44. Kd3 Kf6 45. Rc5 Rd2+ 46. Ke3 Rb2
47. Kd3 Rd2+ 48. Kc4 Rb2 49. Kd3 Rd2+ 50. Kc4 Rb2 51. Kd3 Rd2+ 1/2-1/2

[Event "World Blitz Women 2017"]
[Site "Riyadh KSA"]
[Date "2017.12.29"]
[Round "3.7"]
[White "Shuvalova, Polina"]
[Black "Cori T., Deysi"]
[Result "1-0"]
[WhiteTitle "WIM"]
[BlackTitle "WGM"]
[WhiteElo "2385"]
[BlackElo "2389"]
[WhiteFideId "24171760"]
[BlackFideId "3801934"]
[EventDate "2017.12.29"]

1. d4 Nf6 2. c4 e6 3. g3 d5 4. Nf3 Be7 5. Bg2 O-O 6. O-O b6 7. Nc3 Bb7 8. cxd5
Nxd5 9. Nxd5 Bxd5 10. Re1 Bb7 11. e4 c5 12. d5 exd5 13. exd5 Bf6 14. Ne5 Na6 15.
Bf4 Bxe5 16. Bxe5 Qd7 17. Qh5 Nb4 18. Rad1 Rad8 19. a3 Nc2 20. Re2 Nd4 21. Bxd4
cxd4 22. Rxd4 Rfe8 23. h4 g6 24. Rxe8+ Qxe8 25. Qg5 Qe1+ 26. Kh2 Re8 27. Qf6 Qe7
28. Qxe7 Rxe7 29. d6 Rd7 30. Bxb7 Kg7 31. Bc6 Rd8 32. d7 f5 33. Rd6 Kf7 34. Rd2
Ke7 35. b4 h6 36. b5 g5 37. Re2+ Kd6 38. Re8 1-0

[Event "World Blitz Women 2017"]
[Site "Riyadh KSA"]
[Date "2017.12.29"]
[Round "3.8"]
[White "Kulon, Klaudia"]
[Black "Lagno, Kateryna"]
[Result "0-1"]
[WhiteTitle "WGM"]
[BlackTitle "GM"]
[WhiteElo "2370"]
[BlackElo "2547"]
[WhiteFideId "1131044"]
[BlackFideId "14109336"]
[EventDate "2017.12.29"]

1. c4 g6 2. g3 Bg7 3. Bg2 c5 4. Nc3 Nc6 5. e3 e6 6. Nge2 Nge7 7. O-O O-O 8. d4
cxd4 9. exd4 d5 10. cxd5 Nxd5 11. Nxd5 exd5 12. h3 Qb6 13. Nf4 Qxd4 14. Nxd5 Bf5
15. Qxd4 Bxd4 16. g4 Bc2 17. Ne3 Ba4 18. Rb1 Rad8 19. b3 Bb5 20. Rd1 Bg7 21. Ba3
Rfe8 22. Nd5 Be2 23. Re1 Nd4 24. Kh1 Kh8 25. Rbc1 Bd3 26. Rxe8+ Rxe8 27. Bb2 Nc6
28. Bxg7+ Kxg7 29. Nf4 Ba6 30. Kh2 Rd8 31. Bxc6 Rc8 32. Nd5 Rxc6 33. Rxc6 bxc6
34. Nb4 Bb7 35. Kg3 Kf6 36. Kf4 g5+ 37. Ke3 Ke5 38. Nd3+ Kd6 39. Kd4 f6 40. Nc5
Bc8 41. Ne4+ Ke7 42. Kc5 f5 43. Nxg5 fxg4 44. hxg4 h6 45. Nf3 Bxg4 46. Ne5 Be2
47. Nxc6+ Kf6 48. Kd4 Bf3 49. Ne5 Bb7 50. Ng4+ Kg5 51. Nxh6 Kxh6 52. Kc5 Kg5 53.
Kd6 Kf4 54. Kc7 Bg2 55. Kb8 a6 56. Ka7 Bf1 57. a4 Kf3 58. b4 Kxf2 59. b5 Bxb5
60. Kb6 Bd3 61. Kc5 Ke1 62. a5 Kd2 63. Kb4 Kc2 64. Ka3 Bc4 65. Kb4 Bg8 66. Ka3
Bf7 67. Kb4 Kb2 68. Ka4 Be8+ 69. Kb4 Bb5 70. Kc5 Kc3 71. Kd5 Bf1 72. Ke4 Bd3+
73. Ke3 Bb5 74. Ke4 Bc4 75. Ke3 Bd3 76. Kf2 Kd2 77. Kf3 Bc4 78. Ke4 Kc3 79. Ke3
Bd5 80. Ke2 Bb3 81. Ke3 Bc2 82. Ke2 Bg6 83. Ke3 Bh7 84. Ke2 Bg6 85. Ke3 Bh5 86.
Ke4 Be2 87. Ke3 Bf1 88. Kf2 Bc4 89. Ke3 Bb3 90. Ke2 Ba4 91. Ke3 Be8 92. Ke2 Bh5+
93. Ke3 Bg4 94. Ke4 Kc4 95. Ke3 Kc3 96. Ke4 Bh5 97. Ke3 Bg6 98. Ke2 Bc2 99. Ke3
Ba4 100. Ke2 Bb3 101. Ke3 Bc4 102. Ke4 Kb4 103. Kd4 Bb5 104. Ke3 Kc3 105. Ke4
Bc6+ 106. Ke3 Bd7 107. Ke2 Bg4+ 108. Ke3 Bh5 109. Ke4 Kb4 110. Kd4 Bg6 111. Ke3
Kxa5 112. Kd2 Kb4 113. Kc1 Ka3 114. Kd2 Kb2 0-1

[Event "World Blitz Women 2017"]
[Site "Riyadh KSA"]
[Date "2017.12.29"]
[Round "3.9"]
[White "Ju, Wenjun"]
[Black "Atalik, Ekaterina"]
[Result "0-1"]
[WhiteTitle "GM"]
[BlackTitle "IM"]
[WhiteElo "2567"]
[BlackElo "2451"]
[WhiteFideId "8603006"]
[BlackFideId "4130189"]
[EventDate "2017.12.29"]

1. Nf3 Nf6 2. g3 d5 3. Bg2 e6 4. O-O Be7 5. d4 O-O 6. c4 dxc4 7. Qc2 b5 8. a4 b4
9. Nfd2 Nd5 10. Nxc4 Ba6 11. b3 Nd7 12. Bb2 c5 13. e4 N5b6 14. d5 exd5 15. exd5
Nxc4 16. bxc4 Bd6 17. Nd2 Be5 18. Rfe1 Bxb2 19. Qxb2 Qf6 20. Qxf6 Nxf6 21. Rac1
Rfe8 22. Rxe8+ Rxe8 23. Nb3 Nd7 24. Bh3 Ne5 25. Nxc5 Bxc4 26. f4 Nf3+ 27. Kf2
Nd2 28. Bg4 b3 29. Nxb3 Bxb3 30. Bd7 Rd8 31. Bc6 Ne4+ 32. Ke3 Nd6 33. Kd4 g6 34.
Rb1 Bc2 35. Re1 Kf8 36. Kc5 Bf5 37. a5 Ne4+ 38. Kd4 Nf6 39. Kc5 Nd7+ 40. Kd4 Nb8
41. Bb7 Bc8 42. Ba8 Ba6 43. Rb1 Ke7 44. Ke4 Kd6 45. Rb2 Nd7 46. Bc6 Nc5+ 47. Kd4
Bc8 48. Rb5 Ne6+ 49. Ke4 Nc7 50. Rb2 Bd7 51. Bb7 Re8+ 52. Kd4 Nb5+ 53. Kc4 Re4+
54. Kd3 Ra4 55. a6 Ra3+ 56. Kc4 Rc3+ 57. Kb4 Rc1 58. Re2 Nc7 59. Rd2 Bb5 60. Ra2
Bc4 61. Rd2 Bxa6 62. Bc6 Bc8 63. Ra2 a6 64. Rd2 Rb1+ 65. Kc3 a5 66. Ra2 Nxd5+
67. Bxd5 Kxd5 68. Rxa5+ Ke6 69. Ra2 Bb7 70. Kd3 Kf5 71. Ke3 Rb3+ 72. Kf2 Bd5 73.
Rd2 Be4 74. Ra2 Rc3 75. Ra5+ Kf6 76. Re5 Rc2+ 77. Ke3 Bf5 78. h4 h5 79. Ra5 Bg4
80. Ra6+ Kg7 81. Ra3 Rg2 82. Ke4 Kf6 83. Ra6+ Be6 84. Ra3 Rg1 85. Rc3 Bd7 86.
Kf3 Ke7 87. Re3+ Kd6 88. Rd3+ Kc7 89. Rc3+ Bc6+ 90. Kf2 Rg2+ 91. Kf1 Ra2 92. Re3
Kd6 93. Kg1 Bd5 94. Kf1 Be6 95. Kg1 Ke7 96. Rc3 Kf6 97. Rc5 Bf5 98. Re5 Bc8 99.
Rb5 Bd7 100. Rc5 Ke7 101. Re5+ Kd6 102. Re3 Bc6 103. Rd3+ Bd5 104. Re3 Rb2 105.
Kf1 Rb3 106. Rxb3 Bxb3 107. Kf2 Kd5 108. Ke3 Bd1 109. Kd3 Ba4 110. Ke3 Bb5 111.
Kf3 Kd4 112. g4 Bd7 113. gxh5 gxh5 114. Kf2 Ke4 115. Kg3 0-1

[Event "World Blitz Women 2017"]
[Site "Riyadh KSA"]
[Date "2017.12.29"]
[Round "3.10"]
[White "Tan, Zhongyi"]
[Black "Sukandar, Irine Kharisma"]
[Result "1-0"]
[WhiteTitle "GM"]
[BlackTitle "IM"]
[WhiteElo "2517"]
[BlackElo "2384"]
[WhiteFideId "8603642"]
[BlackFideId "7101937"]
[EventDate "2017.12.29"]

1. d4 Nf6 2. c4 e6 3. Nf3 d5 4. Bg5 Be7 5. Nc3 O-O 6. e3 b6 7. Be2 Ba6 8. Bxf6
Bxf6 9. cxd5 Bxe2 10. Qxe2 exd5 11. O-O a5 12. Rfd1 Re8 13. Qc2 Na6 14. a3 Rc8
15. Rac1 c6 16. h3 h6 17. Qb3 b5 18. Ne1 Be7 19. Nb1 Bd6 20. Nd2 a4 21. Qc2 Nb8
22. Nd3 Nd7 23. Nc5 Nxc5 24. dxc5 Be5 25. Nf3 Qf6 26. Rd2 Bc7 27. Rd3 Re4 28.
Rd4 Rce8 29. Rcd1 Qg6 30. Rxe4 Rxe4 31. Rd4 Qe6 32. Rxe4 dxe4 33. Nd4 Qd5 34.
Qc3 Be5 35. Qb4 Kf8 36. g3 Ke7 37. Kg2 Bxd4 38. exd4 e3+ 39. Kf1 Qf3 40. Qe1
Qh1+ 41. Ke2 Qxe1+ 42. Kxe1 exf2+ 43. Kxf2 Ke6 44. Ke3 Kd5 45. g4 g6 46. h4 f6
47. Kd3 h5 48. gxh5 gxh5 49. Ke3 f5 50. Kf4 Kxd4 51. Kxf5 Kxc5 52. Kg5 Kd5 53.
Kxh5 Ke6 54. Kg6 c5 55. h5 b4 56. h6 c4 57. h7 c3 58. h8=Q c2 59. Qc8+ Ke5 60.
Qxc2 1-0

[Event "World Blitz Women 2017"]
[Site "Riyadh KSA"]
[Date "2017.12.29"]
[Round "3.12"]
[White "Lei, Tingjie"]
[Black "Galojan, Lilit"]
[Result "1-0"]
[WhiteTitle "GM"]
[BlackTitle "IM"]
[WhiteElo "2528"]
[BlackElo "2300"]
[WhiteFideId "8605114"]
[BlackFideId "13301314"]
[EventDate "2017.12.29"]

1. d4 Nf6 2. c4 e6 3. Nf3 b6 4. Nc3 Bb4 5. e3 O-O 6. Bd3 d5 7. O-O c5 8. a3 Bxc3
9. bxc3 dxc4 10. Bxc4 Ba6 11. Bxa6 Nxa6 12. a4 Qc7 13. Ba3 Rac8 14. Rb1 Rfd8 15.
a5 Nd5 16. Qd3 Nb8 17. Rfc1 Nd7 18. e4 Nf4 19. Qe3 Ng6 20. g3 e5 21. d5 Qd6 22.
Nd2 Rb8 23. axb6 axb6 24. Rb5 Ra8 25. Rcb1 Rxa3 26. Nc4 Rxc3 27. Qxc3 Qf6 28.
Nxb6 Ndf8 29. Rxc5 h5 30. Rc6 Qg5 31. Qe3 Qg4 32. Nc4 h4 33. Nd2 Ra8 34. Qf3 Qg5
35. Qe3 Qg4 36. Rc2 Nf4 37. Kh1 Nh3 38. Qf3 Qg6 39. Qf5 Qxf5 40. exf5 Nxf2+ 41.
Kg2 Nd3 42. Rc3 e4 43. Nxe4 Ra2+ 44. Kg1 Ne5 45. gxh4 Nfd7 46. d6 Re2 47. Ng5
Rd2 48. Re1 Rxd6 49. Rce3 f6 50. Nf3 Rc6 51. Nxe5 Nxe5 52. h3 Rc4 53. Kg2 Rxh4
54. Kg3 Rc4 55. Rd1 Kh7 56. Ra1 Nf7 57. Ra7 Nh6 58. Rf3 Rc5 59. Rd3 Nxf5+ 60.
Kf4 Nh6 61. Rdd7 Rg5 62. Kf3 Nf5 63. Kf4 Nh6 64. Ra8 Kg6 65. Raa7 Kh7 66. Kf3
Rf5+ 67. Kg3 Rg5+ 68. Kh2 Rg6 69. Rdb7 Rg5 70. Rc7 Rg6 71. Rab7 Rg5 72. Rc6 Kg6
73. Ra7 Nf5 74. Rcc7 Kh7 75. Ra5 Kg6 76. Rcc5 Rh5 77. Rcb5 Rg5 78. Rd5 Rh5 79.
Rd2 Kh7 80. Rg2 g6 81. Ra6 Kg7 82. Rb2 Nh6 83. Rb7+ Nf7 84. Raa7 Rf5 85. Rxf7+
Kh6 86. h4 Rf4 87. Rh7# 1-0

[Event "World Blitz Women 2017"]
[Site "Riyadh KSA"]
[Date "2017.12.29"]
[Round "3.13"]
[White "Goryachkina, Aleksandra"]
[Black "Vijayalakshmi, Subbaraman"]
[Result "1-0"]
[WhiteTitle "WGM"]
[BlackTitle "IM"]
[WhiteElo "2486"]
[BlackElo "2357"]
[WhiteFideId "4147103"]
[BlackFideId "5004098"]
[EventDate "2017.12.29"]

1. e4 e5 2. Nf3 Nc6 3. d4 exd4 4. Nxd4 Nf6 5. Nxc6 bxc6 6. e5 Qe7 7. Qe2 Nd5 8.
c4 Nb6 9. b3 Qe6 10. Bb2 Bb4+ 11. Nd2 O-O 12. O-O-O a5 13. f4 a4 14. Ne4 axb3
15. axb3 d5 16. exd6 cxd6 17. Ng5 Qf5 18. Qe4 Qxe4 19. Nxe4 d5 20. Ng3 dxc4 21.
Bxc4 Nxc4 22. bxc4 Be6 23. Rd4 Bc5 24. Re4 Ra4 25. Nh5 Rxc4+ 26. Rxc4 Bxc4 27.
Bxg7 Be3+ 28. Kc2 Rd8 29. Be5 Bd3+ 30. Kc3 Kf8 31. Rd1 Rd5 32. Rxd3 Rxd3+ 33.
Kxd3 Bg1 34. h3 Ke7 35. Nf6 Ke6 36. Nxh7 Bf2 37. Ng5+ Ke7 38. Ne4 Bb6 39. Bd4
Bc7 40. g3 Ke6 41. Ng5+ Ke7 42. h4 Ba5 43. h5 f6 44. Ne4 f5 45. Ng5 1-0

[Event "World Blitz Women 2017"]
[Site "Riyadh KSA"]
[Date "2017.12.29"]
[Round "3.14"]
[White "Padmini, Rout"]
[Black "Abdumalik, Zhansaya"]
[Result "1/2-1/2"]
[WhiteTitle "IM"]
[BlackTitle "IM"]
[WhiteElo "2324"]
[BlackElo "2449"]
[WhiteFideId "5029295"]
[BlackFideId "13703544"]
[EventDate "2017.12.29"]

1. Nf3 Nf6 2. g3 g6 3. Bg2 Bg7 4. O-O O-O 5. d4 d5 6. b3 c5 7. Bb2 b6 8. dxc5
bxc5 9. c4 e6 10. cxd5 exd5 11. Nc3 Bb7 12. Rc1 Nbd7 13. Ne1 Nb6 14. Nd3 c4 15.
bxc4 Nxc4 16. Ba1 Rc8 17. Nf4 Nb6 18. Nb5 Qd7 19. Nd4 Rxc1 20. Qxc1 Ne4 21. Qa3
Qa4 22. Qxa4 Nxa4 23. Nb5 a6 24. Bxg7 Kxg7 25. Nd4 Rc8 26. Rd1 Nac3 27. Re1 Nxa2
28. Rb1 Ba8 29. Ra1 Nb4 30. f3 Nc3 31. Kf2 g5 32. Nh5+ Kg6 33. g4 Rc4 34. e3 Bb7
35. Kg3 Nb5 36. Nf5 Nc6 37. h4 f6 38. hxg5 fxg5 39. Nhg7 d4 40. Rh1 dxe3 41. Ne6
Kf6 42. Rh6+ Ke5 43. Nxg5 e2 44. Re6+ Kd5 45. Rxe2 Kc5 46. Ne6+ Kb6 47. Ne3 Rc1
48. Nd5+ Ka7 49. Rd2 Re1 50. Nc5 Ba8 51. f4 Ncd4 52. f5 Rg1 53. Kh2 Rxg2+ 54.
Kxg2 Bxd5+ 55. Kg3 Kb6 56. Nd3 Nc3 57. Rb2+ Kc7 58. Nf4 Ne4+ 59. Kh4 Nf3+ 60.
Kh5 Bf7+ 61. Kh6 Ne5 62. Kg7 Bc4 63. Rc2 Kd6 64. f6 Bb3 65. Rb2 Nc5 66. Rd2+ Kc6
67. Re2 Nxg4 68. f7 Bxf7 69. Kxf7 h6 70. Ne6 Nxe6 71. Rxe6+ Kb5 72. Kg6 a5 73.
Kh5 Nf2 74. Kxh6 Nd3 75. Re8 Kb4 76. Rb8+ Kc4 77. Ra8 1/2-1/2

[Event "World Blitz Women 2017"]
[Site "Riyadh KSA"]
[Date "2017.12.29"]
[Round "3.15"]
[White "Skripchenko, Almira"]
[Black "Charochkina, Daria"]
[Result "0-1"]
[WhiteTitle "IM"]
[BlackTitle "IM"]
[WhiteElo "2403"]
[BlackElo "2317"]
[WhiteFideId "13900145"]
[BlackFideId "4180917"]
[EventDate "2017.12.29"]

1. e4 c6 2. d4 d5 3. exd5 cxd5 4. Bd3 Nc6 5. c3 Qc7 6. Na3 a6 7. Nc2 e6 8. Ne2
Bd6 9. h3 Nge7 10. O-O O-O 11. Re1 Bd7 12. Bg5 f6 13. Bh4 e5 14. dxe5 fxe5 15.
Ne3 Be6 16. Bc2 Rad8 17. Bg3 e4 18. Bxd6 Qxd6 19. Nd4 Bc8 20. Bb3 Kh8 21. Qd2
Ne5 22. Bc2 N7g6 23. Rad1 Nf4 24. c4 Qg6 25. Kh2 Qh5 26. Nxd5 Rxd5 27. cxd5 Nxh3
28. Ne6 Nxf2+ 29. Kg3 Qg4+ 30. Kh2 Qh4+ 0-1

[Event "World Blitz Women 2017"]
[Site "Riyadh KSA"]
[Date "2017.12.29"]
[Round "3.16"]
[White "Charkhalashvili, Inga"]
[Black "Paehtz, Elisabeth"]
[Result "0-1"]
[WhiteTitle "WGM"]
[BlackTitle "IM"]
[WhiteElo "2355"]
[BlackElo "2464"]
[WhiteFideId "13601431"]
[BlackFideId "4641833"]
[EventDate "2017.12.29"]

1. d4 d6 2. c4 e5 3. dxe5 dxe5 4. Qxd8+ Kxd8 5. Nf3 f6 6. Nc3 c6 7. g3 Be6 8. b3
Kc7 9. Bb2 Nd7 10. Bg2 Nh6 11. O-O Nf7 12. Rfd1 Nc5 13. b4 Na6 14. b5 Nc5 15.
bxc6 bxc6 16. Nd2 Rb8 17. Rab1 Be7 18. Nce4 Nxe4 19. Bxe4 Rhd8 20. Bxh7 Ng5 21.
Bc2 Bb4 22. Ne4 Nxe4 23. Rxd8 Rxd8 24. Bxe4 Bc5 25. Bd3 Rb8 26. e4 Rb4 27. Kg2
Ra4 28. Ra1 Bxc4 29. Bxc4 Rxc4 30. f4 Rc2+ 31. Kf3 Rxb2 32. fxe5 fxe5 33. h4 Bd4
34. Rf1 Rxa2 35. Kg4 Rf2 36. Rc1 a5 37. Rc4 c5 38. Kg5 Rg2 39. g4 Kc6 40. h5 Kb5
41. Rc1 a4 42. Rb1+ Kc6 43. Rb8 a3 0-1